000 01028nam a22003257a 4500
003 CHAP
005 20220329143600.0
008 100721s1992 us a r 00010 eng d
010 _a98839
011 _a99811
020 _a1878610066
035 _a110497
040 _cCHAP
082 1 4 _a581.634
_bM78
100 1 _aMoore, Michael
_978084
245 1 4 _aLos remedios :
_btraditional herbal remedies of the southwest
_c/por Michael Moore
250 _a2 ed
260 _aNew Mexico, USA. :
_bR.E.D. Crane Books,
_c1992
300 _a108 p. :
_bilus.
590 _aBATCH-UPD
_b10
_c20130110
_lUCH01
_h1137
590 _aBATCH-UPD
_b10
_c20130410
_lUCH01
_h0724
590 _aBATCH-UPD
_b10
_c20130914
_lUCH01
_h0743
590 _aCONVERSION
_b10
_c20130109
_lUCH01
_h1355
650 1 4 _aBotánica médica.
_914680
650 1 4 _aMedicina tradicional.
_973921
650 1 4 _aTerapéutica fisiológica.
_9112346
901 _aBK
942 _cLIBRO
949 _a581.634 M78
_bBC
_cLIBRO
_d33724002200017
_eLIBRO
_gI.c/e
_h112966
_i110497
_sb
999 _c98839
_d98839